Imiona męskie 100 najpopularniejszych w rejestrze PESEL stan na 2024 - Statystyki

Ogólne statystyki
  • Ten quiz został rozwiązany 793 razy
  • Średni wynik to 61 z 100
Statystyki odpowiedzi
nr imię liczba % Poprawnych
7 Jan 477 845
94%
1 Piotr 689 313
94%
5 Paweł 506 006
93%
6 Michał 492 093
90%
3 Tomasz 536 774
89%
30 Bartosz 204 121
88%
9 Jakub 426 709
88%
2 Krzysztof 641 406
87%
13 Mateusz 377 011
86%
10 Adam 401 674
84%
4 Andrzej 533 141
84%
48 Aleksander 154 503
83%
57 Bartłomiej 125 686
83%
23 Kamil 251 064
83%
15 Stanisław 366 180
83%
24 Szymon 240 430
83%
52 Franciszek 136 096
81%
14 Grzegorz 374 820
81%
12 Marek 378 001
81%
11 Łukasz 383 582
80%
8 Marcin 449 607
80%
44 Antoni 169 877
79%
22 Robert 259 284
79%
42 Filip 170 474
77%
45 Karol 165 749
77%
19 Maciej 267 723
77%
18 Dariusz 283 981
76%
37 Damian 183 944
75%
17 Mariusz 286 869
75%
16 Wojciech 335 311
75%
28 Kacper 228 002
74%
39 Patryk 179 984
74%
25 Dawid 238 566
73%
54 Dominik 134 888
72%
58 Wiktor 114 841
72%
47 Henryk 160 865
71%
65 Igor 92 562
71%
38 Janusz 180 439
70%
43 Daniel 170 020
69%
49 Adrian 148 895
68%
32 Tadeusz 198 702
68%
34 Jarosław 190 644
67%
77 Czesław 65 077
66%
78 Nikodem 65 048
66%
21 Zbigniew 261 536
66%
68 Hubert 89 347
65%
53 Mikołaj 135 118
65%
20 Rafał 261 766
65%
35 Sebastian 185 914
64%
55 Arkadiusz 133 350
62%
46 Przemysław 165 702
62%
73 Władysław 70 920
62%
29 Józef 204 623
61%
85 Oliwier 57 126
60%
33 Artur 196 863
59%
40 Mirosław 179 134
59%
36 Sławomir 184 574
59%
98 Zenon 41 806
59%
27 Jacek 231 162
58%
26 Jerzy 236 958
58%
61 Krystian 111 386
58%
82 Leon 59 412
58%
63 Radosław 103 780
58%
94 Cezary 46 767
57%
69 Edward 79 225
55%
96 Ignacy 44 828
55%
71 Oskar 77 197
55%
41 Roman 174 905
55%
50 Kazimierz 143 008
54%
67 Konrad 90 609
54%
99 Julian 41 697
53%
51 Wiesław 136 950
53%
31 Ryszard 201 190
52%
64 Bogdan 94 808
51%
84 Ireneusz 59 158
51%
56 Marian 128 983
51%
79 Miłosz 64 993
51%
70 Marcel 77 900
50%
66 Zdzisław 92 444
49%
93 Maksym 47 180
48%
97 Gabriel 43 293
47%
87 Stefan 55 554
46%
91 Alan 51 681
45%
74 Maksymilian 69 948
45%
62 Waldemar 106 227
45%
95 Włodzimierz 45 993
45%
59 Leszek 112 775
44%
72 Mieczysław 75 622
43%
88 Witold 55 400
43%
89 Sylwester 53 517
42%
92 Zygmunt 50 796
42%
83 Bogusław 59 183
41%
81 Eugeniusz 60 543
38%
60 Oleksandr 112 506
20%
90 Ivan 52 751
6%
86 Dmytro 56 180
2%
100 Mykola 41 309
2%
75 Serhii 68 735
2%
80 Volodymyr 61 938
2%
76 Andrii 68 506
1%
Nie znaleziono quizów pasujących do podanych kryteriów
Rozkład punktacji
Procent ludzi z każdym wynikiem
Percentyl według liczby udzielonych odpowiedzi
Twoja historia wyników
Nie rozwiązałeś tego quizu